ბათუმის შოთა რუსთაველის სახელმწიფო უნივერსიტეტის ბიბლიოთეკა

Экономика,организация и планирование сварочного производства. (ბიბ.ჩანაწერი № 37356)

000 -LEADER
fixed length control field 00701nam a2200205Ia 4500
001 - CONTROL NUMBER
control field 3315
003 - CONTROL NUMBER IDENTIFIER
control field GE_BSU
008 - FIXED-LENGTH DATA ELEMENTS--GENERAL INFORMATION
fixed length control field 181216s||||||||xx |||||||||||||| ||und||
040 ## - CATALOGING SOURCE
Transcribing agency GE_BSU
080 ## - UNIVERSAL DECIMAL CLASSIFICATION NUMBER
Universal Decimal Classification number 658
100 ## - MAIN ENTRY--PERSONAL NAME
Personal name Грачева,К.А.
245 ## - TITLE STATEMENT
Title Экономика,организация и планирование сварочного производства.
245 ## - TITLE STATEMENT
Remainder of title Учебное пособие для вузов.
260 ## - PUBLICATION, DISTRIBUTION, ETC.
Place of publication, distribution, etc. М.
260 ## - PUBLICATION, DISTRIBUTION, ETC.
Name of publisher, distributor, etc. Машиностроение.
260 ## - PUBLICATION, DISTRIBUTION, ETC.
Date of publication, distribution, etc. 1984.
300 ## - PHYSICAL DESCRIPTION
Extent 368 стр.с илл.
653 ## - INDEX TERM--UNCONTROLLED
Uncontrolled term Экономика,организация и планирование сварочного производства.
942 ## - ADDED ENTRY ELEMENTS (KOHA)
Koha item type წიგნი
ეგზემპლარები
Withdrawn status Lost status Damaged status Not for loan Date acquired Barcode Date last seen Price effective from Koha item type
        2018-12-17 8471 2018-12-17 2018-12-17 წიგნი
        2018-12-17 8472 2018-12-17 2018-12-17 წიგნი
        2018-12-17 8473 2018-12-17 2018-12-17 წიგნი
        2018-12-17 8474 2018-12-17 2018-12-17 წიგნი